Statistics for Argentines football players 2015-2016 #1

Click here to take the quiz!

General Stats

  • This quiz has been taken 33 times
  • The average score is 14 of 20

Answer Stats

Player % Correct
Gonzalo Higuain
100%
Carlos Tévez
96%
Lionel Messi
96%
Pablo Zabaleta
86%
Javier Mascherano
86%
Javier Pastore
82%
Sergio Romero
82%
Angel Di Maria
82%
Sergio Agüero
75%
Marcos Rojo
75%
Enzo Pérez
71%
Lucas Biglia
68%
Nicolas Otamendi
64%
Ezequiel Garay
64%
Rodrigo Palacio
64%
Roberto Pereyra
61%
Luciano Vietto
57%
Maxi Rodriguez
50%
Claudio Yacob
43%
Javier Saviola
32%

Score Distribution

Percentile by Number Answered

Percent of People with Each Score

Your Score History

You have not taken this quiz